Logo

Description automatically generated
विद्यार्जन
 संसाधन केंद्र, भारतीय प्रौद्योगिकी संस्थान इन्दौर
Learning Resource Center, Indian Institute of Technology Indore

ऑनलाइन सार्वजनिक अभिगम प्रसूची
Online Public Access Catalogue (OPAC)

Crypto for beginners : a simple non-technical guide on the blockchain revolution and crypto investing for creating multi-generational wealth (Record no. 57331)

MARC details
000 -LEADER
fixed length control field 00637nam a2200205Ia 4500
005 - DATE AND TIME OF LATEST TRANSACTION
control field 20260629163255.0
008 - FIXED-LENGTH DATA ELEMENTS--GENERAL INFORMATION
fixed length control field 260629s9999||||xx |||||||||||||| ||und||
020 ## - INTERNATIONAL STANDARD BOOK NUMBER
International Standard Book Number 9781960035004
Qualifying information pbk
082 ## - DEWEY DECIMAL CLASSIFICATION NUMBER
Classification number 332.178
Item number LEE
100 ## - MAIN ENTRY--PERSONAL NAME
Personal name Lee, Hudson
245 #0 - TITLE STATEMENT
Title Crypto for beginners : a simple non-technical guide on the blockchain revolution and crypto investing for creating multi-generational wealth
260 ## - PUBLICATION, DISTRIBUTION, ETC.
Place of publication, distribution, etc. [S.l.]
Name of publisher, distributor, etc. Hudson Lee
Date of publication, distribution, etc. 2022
300 ## - PHYSICAL DESCRIPTION
Extent xvi, 187p.; 21cm.
653 ## - INDEX TERM--UNCONTROLLED
Uncontrolled term Bitcoin
653 ## - INDEX TERM--UNCONTROLLED
Uncontrolled term Blockchain (Databases)
653 ## - INDEX TERM--UNCONTROLLED
Uncontrolled term Cryptocurrency
653 ## - INDEX TERM--UNCONTROLLED
Uncontrolled term Finance, Personal
653 ## - INDEX TERM--UNCONTROLLED
Uncontrolled term Investments
942 ## - ADDED ENTRY ELEMENTS (KOHA)
Koha item type Book
Holdings
Withdrawn status Lost status Damaged status Not for loan Home library Current library Shelving location Date acquired Source of acquisition Total Checkouts Full call number Barcode Date last seen Price effective from Koha item type
        LRC, IIT Indore LRC, IIT Indore 3rd Floor - General Stack 29/06/2026 Gratis Book Price: INR 1560.00   332.178 LEE G2556 29/06/2026 29/06/2026 Book
Copyright © 2017-2026 Indian Institute of Technology Indore. All Rights Reserved.
Managed & maintained by Learning Resource Center, IIT Indore